| 000 | 00695nam a2200229Ia 4500 | ||
|---|---|---|---|
| 005 | 20250508162318.0 | ||
| 008 | 008 250505s9999 xx 000 0 eng d | ||
| 020 | _a0-7100-8543-5 | ||
| 037 | _aTextual | ||
| 040 |
_aFEDL _beng _cFEDL |
||
| 041 |
_aeng _2eng |
||
| 084 |
_a150.1943, MAC _qFEDL |
||
| 100 |
_aMackenzie Brian D _9772821 |
||
| 245 | 0 | _aBehaviourism and the limits of scientific method | |
| 260 |
_aLondon, UK _bRoutledge and Kegan Paul _c1977 |
||
| 300 | _axiii,193p. | ||
| 365 |
_aUSD _b5.95 |
||
| 490 | _aInternational library of philosophy and scientific method | ||
| 650 | _aPsychology | ||
| 942 |
_cTEXL _h150.1943, MAC |
||
| 999 |
_c1375766 _d1375766 |
||